Co dělat při mimořádné události : příručka pro obyvatele [Olomouckého kraje /

Main Author: Skácelová, Irena, 1980-
Corporate Author: Olomoucký kraj (Česko : 2000-). Krajský úřad
Other Authors: Agentura rozvojové a humanitární pomoci Olomouckého kraje, Olomoucký kraj (Česko : 2000-)
Language: Czech
Published: Olomouc : Univerzita Palackého v Olomouci, 2005
Edition: 1. vyd.
Subjects:
Physical Description: 39 s. : il. ; 21 cm
Book
Saved in:
LEADER 02445nam a2200565 a 4500
001 nkc20061637862
003 CZ PrNK
005 20240422092611.0
007 ta
008 060112s2005 xr a g f 000 0 cze
015 |a cnb001637862 
020 |a 80-244-1170-9  |q (brož.) :  |c neprodejné 
035 |a (OCoLC)85717848 
040 |a BOA001  |b cze  |d ABA001 
043 |a e-xr---  |b e-xr-ol  |2 czenas 
072 7 |a 35.07  |x Organizace a řízení veřejné správy  |2 Konspekt  |9 15 
080 |a 005.931  |2 MRF 
080 |a 35.078.7  |2 MRF 
080 |a 355.244.2  |2 MRF 
080 |a (437.325)  |2 MRF 
080 |a (035)  |2 MRF 
100 1 |a Skácelová, Irena,  |d 1980-  |7 mzk2006331701  |4 aut 
245 1 0 |a Co dělat při mimořádné události :  |b příručka pro obyvatele [Olomouckého kraje /  |c Irena Skácelová] 
250 |a 1. vyd. 
260 |a Olomouc :  |b Univerzita Palackého v Olomouci,  |c 2005 
300 |a 39 s. :  |b il. ;  |c 21 cm 
500 |a Nad názvem: Olomoucký kraj 
500 |a Pod názvem: Agentura rozvojové a humanitární pomoci Olomouckého kraje 
500 |a "Podklady pro vydání zpracoval Krajský úřad Olomouckého kraje ve spolupráci s Agenturou rozvojové a humanitární pomoci Olomouckého kraje a složkami integrovaného záchranného systému"--Tiráž 
500 |a 15000 výt. 
650 0 7 |a krizový management  |7 ph121964  |z Česko  |2 czenas 
650 0 7 |a krizové situace  |7 ph121963  |z Česko  |2 czenas 
650 0 7 |a integrovaný záchranný systém  |7 ph121133  |z Česko  |2 czenas 
650 0 7 |a civilní ochrana  |7 ph119252  |z Česko  |2 czenas 
650 0 9 |a crisis management  |z Czechia  |2 eczenas 
650 0 9 |a crisis situations  |z Czechia  |2 eczenas 
650 0 9 |a integrated emergency management system  |z Czechia  |2 eczenas 
650 0 9 |a protection of civilians  |z Czechia  |2 eczenas 
651 7 |a Olomoucký kraj (Česko : 2000-)  |7 ge136508  |2 czenas 
651 9 |a Olomoucký kraj (Czechia)  |2 eczenas 
655 7 |a příručky  |7 fd133209  |2 czenas 
655 9 |a handbooks and manuals  |2 eczenas 
710 1 |a Olomoucký kraj (Česko : 2000-).  |b Krajský úřad  |7 mzk2003188965 
710 2 |a Agentura rozvojové a humanitární pomoci Olomouckého kraje  |7 kn20051202007 
710 1 |a Olomoucký kraj (Česko : 2000-)  |7 ge136508 
910 2 |a BOA001  |b 2-1166.966 
990 |a BK 
995 |a 01 
991 |b 200605  |c NOV 
996 6 |b 2610277071  |c 2-1166.966  |l MZK  |r Sklad / do 1 hodiny  |n 17  |p p.v.  |w 000813244  |u 000010  |a 1  |e BOA001  |j MZK50  |s P